Az egészséges táplálkozás vizsgálata az óvodás korú gyermekek esetében a közétkeztetésen keresztül.
| Main Author: | |
|---|---|
| Other Authors: | |
| Format: | Thesis |
| Kulcsszavak: | egészség étkeztetés gyermekkor közétkeztetés táplálkozás |
| Online Access: | http://dolgozattar.uni-bge.hu/59434 |
MARC
| LEADER | 00000nta a2200000 i 4500 | ||
|---|---|---|---|
| 001 | dolg59434 | ||
| 005 | 20260409145039.0 | ||
| 008 | 260409suuuu hu om 000 hun d | ||
| 040 | |a BGE Dolgozattár Repozitórium |b hun | ||
| 041 | |a hu | ||
| 100 | 1 | |a Szalay Daniéla | |
| 245 | 1 | 3 | |a Az egészséges táplálkozás vizsgálata az óvodás korú gyermekek esetében a közétkeztetésen keresztül. |c Szalay Daniéla |h [elektronikus dokumentum] |
| 520 | 3 | |a A témaválasztás során egyértelmű volt számomra, hogy az egészséges életmód felé húz a szívem, ez áll hozzám a legközelebb. Szerettem volna egy adott korcsoportra levetítve vizsgálni a témát, ezért legkézenfekvőbb megoldásnak az óvodás korú gyermekek kutatása tűnt. Fontosnak tartom, hogy a közétkeztetésen keresztül szemléljem a témát, hiszen ekkor találkozik többnyire először a gyermek vele és főétkezéseinek nagyobb részét is ez teszi ki. Az egészséges életmód alapja egyértelműen az egészséges táplálkozás, melyet fontosnak tartok mihamarabb megismertetni. A táplálkozási szokások és attitűdök gyakran ebben a korban alakulnak ki, hiszen a gyermekek idejük jelentős részét nevelési intézményben töltik. Ennek okán az óvodai étkeztetés kulcsszerepet játszik az étkezési minták kialakulásában is. Az említett megközelítésből kiindulva kutatásom fő célja az egészséges táplálkozás vizsgálata a közétkeztetésen keresztül óvodás gyermekek esetében, valamint az óvodai közétkeztetési rendszer kihívásainak kutatása. | |
| 695 | |a egészség | ||
| 695 | |a étkeztetés | ||
| 695 | |a gyermekkor | ||
| 695 | |a közétkeztetés | ||
| 695 | |a táplálkozás | ||
| 700 | 1 | |a Lugasi Andrea Judit |e ths | |
| 856 | 4 | 0 | |u http://dolgozattar.uni-bge.hu/59434/1/SZAKDOLGOZAT_SZALAY%20DANI%C3%89LA_COZ04R.pdf |z Dokumentum-elérés |
| 856 | 4 | 0 | |u http://dolgozattar.uni-bge.hu/59434/2/Szalay_D_k4.pdf |z Dokumentum-elérés |
| 856 | 4 | 0 | |u http://dolgozattar.uni-bge.hu/59434/3/Szakdolgozat%20b%C3%ADr%C3%A1lat_Szalay%20Dani%C3%A9la.pdf |z Dokumentum-elérés |